| 000 | 01362nam a2200349 i 4500 | ||
|---|---|---|---|
| 001 | 000038415 | ||
| 003 | DO-SdBNP | ||
| 005 | 20260303085713.0 | ||
| 007 | ta | ||
| 008 | 130411s2007 dr a r 000 0 spa d | ||
| 020 | _z993494216 | ||
| 040 |
_aDO-SdBNP _bspa _cBNPHU _erda |
||
| 041 | _aspa | ||
| 082 | 4 |
_a303.6 _bR173v _222 |
|
| 100 | 1 |
_aRamírez, Octavio, _eautor _4aut. _964750 |
|
| 245 | 1 | 3 |
_aLa violencia desde una perspectiva social : _b¿es una respuesta de los marginados sociales? / _cOctavio Ramírez ; edición, Rafael Elpidio Rodríguez Pineda. |
| 264 | 1 |
_aSanto Domingo : _bImpresora De León, _c2007. |
|
| 300 |
_a220 páginas : _bilustraciones ; _c23 cm. |
||
| 336 |
_atexto _btxt _2rdacontent |
||
| 337 |
_asin mediación _bn _2rdamedia |
||
| 338 |
_avolumen _bnc _2rdacarrier |
||
| 500 | _aIncluye referencias bibliográficas y notas al pie de páginas. | ||
| 504 | _aBibliografía : páginas 219- 220 | ||
| 590 | _aInventariado, 2018/BT | ||
| 650 | 4 |
_aViolencia _xEnsayos, conferencias, etc. _954069 |
|
| 650 | 7 |
_aCriminología _zRepública Dominicana _2LIBRUNAM _917089 |
|
| 650 | 4 |
_aMarginalidad social _zRepública Dominicana _98294 |
|
| 651 | 4 |
_aRepública Dominicana _xProblemas Sociales _912705 |
|
| 700 | 1 |
_aRodríguez Pineda, Rafael Elpidio, _eeditor _4ed. _964751 |
|
| 910 | _aValidado. Control de calidad. EMS | ||
| 942 |
_2ddc _cMTLS |
||
| 999 |
_c37905 _d37905 |
||